|
|
|
|
| LEADER |
01285nam a22002537a 4500 |
| 001 |
38624 |
| 003 |
BD-DhAAL |
| 008 |
220517t2021 bg a|||| b||| 001 0 ben d |
| 020 |
|
|
|a 9789849568919
|
| 040 |
|
|
|a BD-DhAAL
|c BD-DhAAL
|
| 041 |
|
|
|a ben
|
| 082 |
|
|
|a 616.12078
|
| 100 |
|
|
|a কাসেম, এম এ.
|9 48473
|
| 245 |
|
|
|a হার্ট, ব্লাড, ফুড /
|c এম এ কাসেম.
|
| 260 |
|
|
|a ঢাকা :
|b মুক্তবুদ্ধি প্রকাশনা,
|c ২০২১.
|
| 300 |
|
|
|a ২০৪ পৃষ্ঠা :
|b চিত্র ;
|c ২২ সে.মি.
|
| 504 |
|
|
|a গ্রন্থপঞ্জিগত নির্দেশিকা ও নির্ঘণ্ট অন্তর্ভুক্ত।
|
| 541 |
|
|
|a Complimentary copy from Dr. Abul Barkat, Professor & ex-Chairman, Department of Economics, University of Dhaka
|e 38624
|
| 650 |
|
|
|a Heart
|x Diseases
|x Mortality.
|9 48474
|
| 650 |
|
|
|a Blood-vessels
|x Diseases
|x Mortality.
|9 48475
|
| 852 |
|
|
|a Ayesha Abed Library
|c General Stacks
|
| 942 |
|
|
|2 ddc
|c BK
|
| 999 |
|
|
|c 44188
|d 44188
|
| 952 |
|
|
|0 0
|1 0
|2 ddc
|4 0
|6 616_120780000000000_KAS
|7 0
|9 70629
|a BRACUL
|b BRACUL
|c GEN
|d 2022-05-17
|e Complimentary copy from Dr. Abul Barkat
|l 3
|m 22
|o 616.12078 KAS
|p 3010038624
|r 2025-10-12
|s 2025-09-23
|t 1
|w 2022-05-17
|y BK
|